Vida y escritos de San Pedro de Alcántara / (Record no. 14522)

MARC details
000 -LEADER
campo de control de longitud fija 01246nam a2200349 i 4500
001 - NÚMERO DE CONTROL
campo de control 14522
003 - IDENTIFICADOR DE NÚMERO DE CONTROL
campo de control ES-MaACL
005 - FECHA Y HORA DE LA ÚLTIMA TRANSACCIÓN
campo de control 20250808062716.0
007 - CAMPO FIJO DE DESCRIPCIÓN FÍSICA--INFORMACIÓN GENERAL
campo de control de longitud fija t|
008 - DATOS DE LONGITUD FIJA--INFORMACIÓN GENERAL
campo de control de longitud fija 981117m19989999sp ||||0| spa j
020 ## - NÚMERO INTERNACIONAL ESTÁNDAR DEL LIBRO
Número Internacional Estándar del Libro 84-7914-275-8
040 ## - FUENTE DE CATALOGACIÓN
Centro catalogador/agencia de origen M-BN
Lengua de catalogación spa
Centro/agencia transcriptor M-BN
080 ## - NÚMERO DE LA CLASIFICACIÓN DECIMAL UNIVERSAL
Número de la Clasificación Decimal Universal 271.3(460)"14/16"
080 ## - NÚMERO DE LA CLASIFICACIÓN DECIMAL UNIVERSAL
Número de la Clasificación Decimal Universal 248.2(460)"14/16"
080 ## - NÚMERO DE LA CLASIFICACIÓN DECIMAL UNIVERSAL
Número de la Clasificación Decimal Universal 242
080 ## - NÚMERO DE LA CLASIFICACIÓN DECIMAL UNIVERSAL
Número de la Clasificación Decimal Universal 929 Pedro de Alcántara, Santo
100 0# - ENTRADA PRINCIPAL--NOMBRE DE PERSONA
Nombre de persona Pedro de Alcántara,
Títulos y otros términos asociados al nombre Santo,
Fechas asociadas al nombre 1499-1562
9 (RLIN) 89919
245 10 - MENCIÓN DEL TÍTULO
Título Vida y escritos de San Pedro de Alcántara /
Mención de responsabilidad, etc. edición preparada por Rafael Sanz Valdivieso, O.F.M.
260 ## - PUBLICACIÓN, DISTRIBUCIÓN, ETC.
Lugar de publicación, distribución, etc. Madrid :
Nombre del editor, distribuidor, etc. Biblioteca de Autores Cristianos,
Fecha de publicación, distribución, etc. 1996.
300 ## - DESCRIPCIÓN FÍSICA
Extensión LXXVII, 549 p. ;
Dimensiones 20 cm.
490 1# - MENCIÓN DE SERIE
Mención de serie Biblioteca de autores cristianos ;
Designación de volumen o secuencia 570
490 1# - MENCIÓN DE SERIE
Mención de serie Místicos franciscanos españoles ;
Designación de volumen o secuencia 1
600 04 - PUNTO DE ACCESO ADICIONAL DE MATERIA--NOMBRE DE PERSONA
Nombre de persona Pedro de Alcántara,
Títulos y otros términos asociados al nombre Santo,
Fechas asociadas al nombre 1499-1562
9 (RLIN) 89919
610 2# - PUNTO DE ACCESO ADICIONAL DE MATERIA--NOMBRE DE ENTIDAD CORPORATIVA
Nombre de entidad corporativa o nombre de jurisdicción como elemento de entrada Franciscanos-
Subdivisión geográfica España-
Subdivisión cronológica S.XV-XVII.
9 (RLIN) 4175
650 ## - PUNTO DE ACCESO ADICIONAL DE MATERIA--TÉRMINO DE MATERIA
Término de materia o nombre geográfico como elemento de entrada Misticismo-
Subdivisión geográfica España.
9 (RLIN) 138735
650 14 - PUNTO DE ACCESO ADICIONAL DE MATERIA--TÉRMINO DE MATERIA
Término de materia o nombre geográfico como elemento de entrada Meditaciones.
9 (RLIN) 14983
700 1# - ENTRADA AGREGADA--NOMBRE PERSONAL
Nombre de persona Sanz Valdivieso, Rafael.
9 (RLIN) 103688
830 00 - PUNTO DE ACCESO ADICIONAL DE SERIE-TÍTULO UNIFORME
Título uniforme Biblioteca de autores cristianos
Designación de volumen o secuencia 570
9 (RLIN) 178679
830 0# - PUNTO DE ACCESO ADICIONAL DE SERIE-TÍTULO UNIFORME
Título uniforme Místicos franciscanos españoles ;
Designación de volumen o secuencia 1
9 (RLIN) 179644
852 ## - LOCALIZACIÓN
Ubicación ES-MaACL
Número de control de estantería J-557
Sublocalización o colección R.46092
Holdings
Estatus retirado Estado de pérdida Estado de daño No para préstamo Biblioteca de origen Biblioteca actual Ubicación en estantería Fecha de adquisición Fuente de adquisición Total de préstamos Signatura topográfica completa Código de barras Visto por última vez Precio de reemplazo Tipo de ítem Koha
        Biblioteca del Ateneo de Madrid Biblioteca del Ateneo de Madrid Depósito 2 17/01/2008     J-557 1014770 23/02/2023 23/02/2023 Libro impreso